000 00624nam a2200217 a 4500
005 20240316063859.0
008 991125s1992 mx 000 0 spa u
020 _a968163747X
035 _aUPN01000058492
049 _aI
050 4 _aPZ8.9
_bF5.88
100 1 _aFienberg, Anna
245 1 0 _aVico y Boa /
_cAnna Fienberg ; tr. Tedi López Mills.
260 _aMéxico :
_bFCE,
_c1992.
300 _a113 p. :
_bil.
440 0 _aA la orilla del viento ;
_v18
650 4 _aCUENTOS AUSTRALIANOS
_912661
650 2 _aCuentos de aventuras
_99134
650 4 _aLITERATURA INFANTIL AUSTRALIANA
_916242
905 _aInfantil
999 _c58492
_d58492